| 000 | 01059amm a2200265a 44500 | ||
|---|---|---|---|
| 008 | 210604s2021 cat | ||
| 041 | _acat | ||
| 110 |
_aTERMCAT _960609 |
||
| 245 |
_aSistemes de votació i majories parlamentàries _h[en línia] _cGeneralitat de Catalunya. Departament d'Acció Exterior, Relacions Institucionals i Transparència; Parlament de Catalunya; TERMCAT, Centre de Terminologia |
||
| 260 |
_aBarcelona _bTERMCAT, Centre de Terminologia _c2021 |
||
| 300 | _a1 infografia | ||
| 500 | _btermcat | ||
| 592 | _aObra especialitzada | ||
| 593 | _aMR | ||
| 593 | _aOA | ||
| 650 |
_adret parlamentari _974961 |
||
| 650 |
_apolítica _961587 |
||
| 710 |
_aCatalunya. Departament d'Acció Exterior, Relacions Institucionals i Transparència _974965 |
||
| 710 |
_aParlament de Catalunya _974967 |
||
| 856 | _uhttps://www.termcat.cat/ca/recursos/productes-multimedia/sistemes-votacio-i-majories-parlamentaries | ||
| 901 | _ccop. <2021> | ||
| 902 | _a210604 | ||
| 942 |
_cMO _n0 _2ddc |
||
| 999 |
_c67881 _d67881 |
||